UM Logo

Icontact : (Record no. 24142)

MARC details
000 -LEADER
fixed length control field 00395nam a22001217a 4500
005 - DATE AND TIME OF LATEST TRANSACTION
control field 20251104131543.0
008 - FIXED-LENGTH DATA ELEMENTS--GENERAL INFORMATION
fixed length control field 251104b |||||||| |||| 00| 0 eng d
082 ## - DEWEY DECIMAL CLASSIFICATION NUMBER
Classification number DPer 613.05 H349 May-June 2025 v. 66 n. 3
245 ## - TITLE STATEMENT
Title Icontact :
Remainder of title exceptional discoveries /
260 ## - PUBLICATION, DISTRIBUTION, ETC. (IMPRINT)
Place of publication, distribution, etc. Philippines ;
Name of publisher, distributor, etc. Philippine Publishing House ,
Date of publication, distribution, etc. May-June 2025.
300 ## - PHYSICAL DESCRIPTION
Extent Volume 66, page 5 ;
Dimensions 27 cm.
942 ## - ADDED ENTRY ELEMENTS (KOHA)
Source of classification or shelving scheme Dewey Decimal Classification
Koha item type Periodicals
Holdings
Withdrawn status Lost status Source of classification or shelving scheme Damaged status Not for loan Collection code Home library Current library Date acquired Total Checkouts Full call number Date last seen Price effective from Koha item type Public note
    Dewey Decimal Classification     Periodicals UM Digos College - LIC UM Digos College - LIC 11/04/2025   DPer 613.05 H349 May-June 2025 v. 66 n. 3 11/04/2025 11/04/2025 Periodicals Periodical Article